| Tag |
First Indicator |
Second Indicator |
Subfields |
| LEADER |
00000cam a2200000 4500 |
| 001 |
in00000048766 |
| 005 |
20151007073635.0 |
| 008 |
750404s1957 nyua 00010 eng u |
| 010 |
|
|
|a 58003047
|
| 035 |
|
|
|a (OCoLC)01253660
|
| 035 |
|
|
|9 AAF0088AM
|
| 040 |
|
|
|c ORL
|d OCL
|d TXA
|d UtOrBLW
|
| 049 |
|
|
|a TXAM
|c [299045]
|
| 050 |
0 |
0 |
|a TL790
|b .B36
|
| 082 |
0 |
|
|a 629.1388
|a 629.14353*
|
| 092 |
|
|
|a 629.1388
|b B368s
|
| 100 |
1 |
|
|a Beard, Robert Brookes.
|
| 245 |
1 |
0 |
|a Space flight and satellite vehicles /
|c by R. B. Beard and A. C. Rotherham.
|
| 264 |
|
1 |
|a New York :
|b Pitman,
|c [1957]
|
| 300 |
|
|
|a 150 pages :
|b illustrations ;
|c 23 cm.
|
| 336 |
|
|
|a text
|b txt
|2 rdacontent
|
| 337 |
|
|
|a unmediated
|b n
|2 rdamedia
|
| 338 |
|
|
|a volume
|b nc
|2 rdacarrier
|
| 600 |
1 |
0 |
|a Rotherham, Arthur Collin.
|
| 650 |
|
0 |
|a Astronautics.
|
| 700 |
1 |
|
|a Rotherham, Arthur Collin.
|
| 999 |
|
|
|a MARS
|
| 999 |
f |
f |
|s fe9adfdf-6665-32bc-9949-9d43db35f5a3
|i c7e30fed-cc5e-3217-ad32-adc97e9c1665
|t 0
|
| 952 |
f |
f |
|p ric
|a Texas A&M University
|b Rellis Campus
|c Joint Library Facility
|d Remote Storage
|t 0
|e TL790 .B36
|h Library of Congress classification
|i unmediated -- volume
|m A14801050047
|
| 998 |
f |
f |
|a TL790 .B36
|t 0
|l Remote Storage
|